[Event "4NCL Online Division 2"]
[Site "online"]
[Date "2020.10.20"]
[Round "5.101"]
[White "Sedykh, Mikhail"]
[Black "Stubbs, Oliver"]
[Result "1-0"]
[WhiteElo "2192"]
[BlackElo "2072"]
[PlyCount "70"]
[EventDate "2020.10.20"]
[WhiteTeam "Catford Cosmonauts 1"]
[BlackTeam "The Rook1Es"]

1. d4 Nf6 2. c4 g6 3. Nc3 Bg7 4. e4 d6 5. Nf3 O-O 6. Be2 e5 7. O-O Nc6 8. d5
Ne7 9. b4 Nh5 10. Re1 f5 11. c5 fxe4 12. Ng5 Nf4 13. Ngxe4 Nxe2+ 14. Qxe2 Nf5
15. Bg5 Qd7 16. Rac1 h6 17. Be3 a6 18. Qc4 Nh4 19. Ng3 Qe7 20. Nce4 Bd7 21.
cxd6 Qf7 22. Nc5 Nxg2 23. Kxg2 Qf3+ 24. Kg1 Bf5 25. dxc7 Kh7 26. d6 b5 27. Qe2
Qc6 28. Ne6 Qb7 29. Nxf8+ Rxf8 30. Bc5 Rf7 31. Nxf5 gxf5 32. Rc3 Bf6 33. Rg3
Bg5 34. Qxe5 Bf6 35. Qxf5+ Kh8 1-0

[Event "4NCL Online Division 2"]
[Site "online"]
[Date "2020.10.20"]
[Round "5.102"]
[White "Walker, Max"]
[Black "Orlovska, Madara"]
[Result "0-1"]
[WhiteElo "2080"]
[BlackElo "2125"]
[PlyCount "46"]
[EventDate "2020.10.20"]
[WhiteTeam "The Rook1Es"]
[BlackTeam "Catford Cosmonauts 1"]

1. e4 c5 2. Nf3 Nc6 3. d4 cxd4 4. Nxd4 g6 5. Bc4 Bg7 6. Ne2 Qa5+ 7. Nbc3 Nf6 8.
O-O O-O 9. h3 a6 10. Nf4 b5 11. Bb3 e6 12. Re1 Qc7 13. Nd3 d6 14. Bf4 Nh5 15.
Bd2 Nd4 16. g4 Nf6 17. f4 Bb7 18. a4 Nxb3 19. cxb3 b4 20. Ne2 Nxe4 21. Bxb4
Qb6+ 22. Kh2 Nf2 23. Bc5 Qc6 0-1

[Event "4NCL Online Division 2"]
[Site "online"]
[Date "2020.10.20"]
[Round "5.103"]
[White "Roberts, Mike"]
[Black "Saunders, Aron"]
[Result "1-0"]
[WhiteElo "2042"]
[BlackElo "1907"]
[PlyCount "65"]
[EventDate "2020.10.20"]
[WhiteTeam "Catford Cosmonauts 1"]
[BlackTeam "The Rook1Es"]

1. e4 c6 2. d4 d5 3. exd5 cxd5 4. c4 Nf6 5. Nc3 Nc6 6. Nf3 Bg4 7. cxd5 Nxd5 8.
Qb3 Bxf3 9. gxf3 e6 10. Qxb7 Nxd4 11. Bb5+ Nxb5 12. Qc6+ Ke7 13. Qxb5 Qd7 14.
Qa6 Nb4 15. Qe2 Nd3+ 16. Kf1 e5 17. Be3 f6 18. Rd1 Rd8 19. Kg2 Qf5 20. Ne4 Qg6+
21. Kf1 Nf4 22. Bxf4 Rxd1+ 23. Qxd1 exf4 24. Qd6+ Kf7 25. Qd5+ Ke7 26. Ke2 f5
27. Qb7+ Ke8 28. Rc1 Be7 29. Rc6 fxe4 30. Rxg6 exf3+ 31. Kxf3 hxg6 32. Qb8+ Bd8
33. Qxa7 1-0

[Event "4NCL Online Division 2"]
[Site "online"]
[Date "2020.10.20"]
[Round "5.104"]
[White "Goodhew, Finn"]
[Black "Allen, John P"]
[Result "0-1"]
[WhiteElo "1585"]
[BlackElo "1922"]
[PlyCount "80"]
[EventDate "2020.10.20"]
[WhiteTeam "The Rook1Es"]
[BlackTeam "Catford Cosmonauts 1"]

1. d4 c5 2. d5 Nf6 3. c4 b5 4. cxb5 a6 5. bxa6 g6 6. Nc3 d6 7. e4 Bg7 8. f4 O-O
9. Nf3 Qa5 10. Bd2 Bxa6 11. Bxa6 Qxa6 12. Qe2 Nbd7 13. Qxa6 Rxa6 14. O-O Rb8
15. b3 Ne8 16. Rfe1 Nc7 17. e5 Nb6 18. a4 Nbxd5 19. Nxd5 Nxd5 20. Rab1 Rab6 21.
a5 Rxb3 22. Rxb3 Rxb3 23. Ra1 Nc7 24. Rd1 d5 25. Be1 e6 26. Rc1 Na6 27. Ra1 Bf8
28. Kf1 Be7 29. Ke2 Kf8 30. Bd2 Ke8 31. Kd1 Kd7 32. Kc2 Rb5 33. h3 Kc6 34. Kc3
Kb7 35. Ng5 Bxg5 36. fxg5 Kc6 37. Rf1 Rb7 38. h4 Kb5 39. Kd3 Nb4+ 40. Bxb4 cxb4
0-1

[Event "4NCL Online Division 2"]
[Site "online"]
[Date "2020.10.20"]
[Round "5.111"]
[White "Villiers, Thomas"]
[Black "Chesters, Tim"]
[Result "1-0"]
[WhiteElo "2252"]
[BlackElo "2222"]
[PlyCount "77"]
[EventDate "2020.10.20"]
[WhiteTeam "Mushrooms 1"]
[BlackTeam "Hull & Beverley Romans 1"]

1. e4 c5 2. Nf3 d6 3. d4 cxd4 4. Nxd4 Nf6 5. Nc3 Nc6 6. Be2 e5 7. Nb3 Be7 8.
Be3 Be6 9. f3 O-O 10. Nd5 a5 11. c4 a4 12. Nd2 Nd7 13. O-O Bg5 14. Bf2 g6 15.
Nb1 f5 16. Nbc3 Nc5 17. Kh1 Qa5 18. Bd3 a3 19. b3 Rf7 20. Bc2 Rd8 21. f4 exf4
22. exf5 Bxf5 23. Bxf5 Rxf5 24. h4 Bh6 25. b4 Nxb4 26. Ne7+ Kf8 27. Nxf5 gxf5
28. Bxc5 Qxc5 29. Qh5 Kg7 30. Rae1 Qxc4 31. Re7+ Kh8 32. Rf3 Bg7 33. Rxg7 Kxg7
34. Qg5+ Kf7 35. Qxd8 Nd3 36. Qxd6 Ne1 37. Nd5 Qe2 38. Qf6+ Ke8 39. Re3+ 1-0

[Event "4NCL Online Division 2"]
[Site "online"]
[Date "2020.10.20"]
[Round "5.112"]
[White "Vleeshhouwer, Douglas"]
[Black "Wilks, Simon"]
[Result "1-0"]
[WhiteElo "2065"]
[BlackElo "2207"]
[PlyCount "109"]
[EventDate "2020.10.20"]
[WhiteTeam "Hull & Beverley Romans 1"]
[BlackTeam "Mushrooms 1"]

1. b3 e5 2. Bb2 Nc6 3. e3 d5 4. Bb5 Bd6 5. f4 Qh4+ 6. g3 Qe7 7. Nf3 f6 8. Nc3
Be6 9. fxe5 fxe5 10. d4 e4 11. Ne5 Bxe5 12. Qh5+ Bf7 13. Qxe5 Nf6 14. Qxe7+
Kxe7 15. Bxc6 bxc6 16. Ba3+ Kd7 17. h3 Be6 18. Na4 Bf7 19. Nc5+ Ke8 20. O-O-O
Nd7 21. Na6 Rc8 22. Rdf1 Be6 23. Bb4 h5 24. Ba5 Kd8 25. Kd2 Rh6 26. g4 hxg4 27.
hxg4 Rxh1 28. Rxh1 Ke7 29. g5 Rf8 30. Bb4+ c5 31. dxc5 c6 32. Bc3 Kf7 33. g6+
Kxg6 34. Rg1+ Kf5 35. Bxg7 Rg8 36. Rf1+ Kg4 37. Bd4 Kh3 38. Nb4 Kg2 39. Rf4 Rc8
40. a4 a5 41. Na2 Rg8 42. b4 axb4 43. Nxb4 Ra8 44. Nxc6 Rxa4 45. Nd8 Bh3 46. c6
Nb8 47. Be5 Na6 48. Nb7 Rc4 49. Na5 Rc5 50. Bc3 Rb5 51. Rf7 Bg4 52. Ra7 Rb1 53.
Be5 Nb4 54. Rg7 Kh3 55. Rxg4 1-0

[Event "4NCL Online Division 2"]
[Site "online"]
[Date "2020.10.20"]
[Round "5.113"]
[White "Scott, David A"]
[Black "Hodge, Steve R"]
[Result "1-0"]
[WhiteElo "2057"]
[BlackElo "1997"]
[PlyCount "93"]
[EventDate "2020.10.20"]
[WhiteTeam "Mushrooms 1"]
[BlackTeam "Hull & Beverley Romans 1"]

1. d4 f5 2. Nf3 Nf6 3. g3 g6 4. Bg2 Bg7 5. O-O O-O 6. b3 d6 7. Bb2 e6 8. c4 Qe7
9. Re1 Nc6 10. d5 Nd8 11. dxe6 Nxe6 12. Nc3 f4 13. Nd5 Nxd5 14. Bxg7 Qxg7 15.
Qxd5 Kh8 16. Rad1 Qf6 17. e4 fxg3 18. fxg3 Rb8 19. e5 dxe5 20. Nxe5 Rd8 21. Qf3
Qxf3 22. Rxd8+ Nxd8 23. Bxf3 Bf5 24. g4 Be6 25. g5 Kg7 26. Kf2 c6 27. Kg3 Rc8
28. Rd1 Nf7 29. Nxf7 Kxf7 30. Kf4 Re8 31. c5 Bf5 32. Rd6 Re1 33. Rd8 Ra1 34.
Rb8 Rxa2 35. Ke5 Rd2 36. Rxb7+ Ke8 37. Bxc6+ Kd8 38. Rxh7 Re2+ 39. Kf4 Rc2 40.
b4 Rc4+ 41. Ke5 Rxb4 42. Kd6 Rd4+ 43. Bd5 Bd7 44. Rxd7+ Ke8 45. Re7+ Kf8 46.
Rf7+ Ke8 47. Rxa7 1-0

[Event "4NCL Online Division 2"]
[Site "online"]
[Date "2020.10.20"]
[Round "5.114"]
[White "Turner, Tim M"]
[Black "Wilson, David Jn."]
[Result "0-1"]
[WhiteElo "1892"]
[BlackElo "2035"]
[PlyCount "48"]
[EventDate "2020.10.20"]
[WhiteTeam "Hull & Beverley Romans 1"]
[BlackTeam "Mushrooms 1"]

1. Nf3 g6 2. c4 Bg7 3. Nc3 d6 4. d4 Nc6 5. d5 Ne5 6. Nxe5 Bxe5 7. e4 e6 8. f4
Bg7 9. Be3 exd5 10. cxd5 Nf6 11. Bd3 c6 12. Qd2 Ng4 13. Bg1 O-O 14. O-O-O Qa5
15. Kb1 Nf6 16. f5 a6 17. fxg6 hxg6 18. dxc6 bxc6 19. Bc4 Bg4 20. Rc1 Rab8 21.
Be3 Nxe4 22. Nxe4 Qxd2 23. Nxd2 Rxb2+ 24. Ka1 Rbb8+ 0-1

[Event "4NCL Online Division 2"]
[Site "online"]
[Date "2020.10.20"]
[Round "5.121"]
[White "Rasanen, Otto"]
[Black "Kolbusz, George"]
[Result "1-0"]
[WhiteElo "2035"]
[BlackElo "1900"]
[PlyCount "35"]
[EventDate "2020.10.20"]
[WhiteTeam "Oxford 2"]
[BlackTeam "Shropshire 2"]

1. c4 e5 2. g3 c6 3. d4 e4 4. Nc3 d5 5. Bg2 Be6 6. Nh3 f5 7. cxd5 cxd5 8. Qb3
Nf6 9. Bg5 Qd7 10. Bxf6 gxf6 11. Nf4 Nc6 12. e3 Bf7 13. O-O Be7 14. Rac1 O-O
15. Na4 b6 16. Qb5 Rab8 17. Qxc6 Rbc8 18. Qxd7 1-0

[Event "4NCL Online Division 2"]
[Site "online"]
[Date "2020.10.20"]
[Round "5.122"]
[White "Pugh, Glyn D"]
[Black "Olehnovics, Andrejs"]
[Result "1-0"]
[WhiteElo "1900"]
[BlackElo "2050"]
[PlyCount "75"]
[EventDate "2020.10.20"]
[WhiteTeam "Shropshire 2"]
[BlackTeam "Oxford 2"]

1. e4 e6 2. d4 d5 3. Nc3 dxe4 4. Nxe4 Nd7 5. Nf3 Ngf6 6. Bd3 b6 7. Nxf6+ Nxf6
8. Qe2 Bb7 9. Bg5 Be7 10. O-O-O Nd5 11. Bxe7 Qxe7 12. Kb1 O-O 13. h4 Nf4 14.
Qd2 Bxf3 15. gxf3 Nxd3 16. Qxd3 Rad8 17. Rhg1 c5 18. Qe3 cxd4 19. Rxd4 Rxd4 20.
Qxd4 e5 21. Qc3 f6 22. h5 Rd8 23. a3 Qc5 24. Qe3 Kf7 25. Kc1 Rd7 26. Rd1 Rxd1+
27. Kxd1 Qxe3 28. fxe3 h6 29. a4 g6 30. hxg6+ Kxg6 31. Ke2 a6 32. Kf2 Kf5 33.
Kg3 Kg5 34. c3 b5 35. axb5 axb5 36. b3 f5 37. c4 bxc4 38. bxc4 1-0

[Event "4NCL Online Division 2"]
[Site "online"]
[Date "2020.10.20"]
[Round "5.123"]
[White "Finn, Chris"]
[Black "Clark, Matthew D H"]
[Result "1-0"]
[WhiteElo "1877"]
[BlackElo "1870"]
[PlyCount "69"]
[EventDate "2020.10.20"]
[WhiteTeam "Oxford 2"]
[BlackTeam "Shropshire 2"]

1. d4 Nf6 2. Nf3 d5 3. Bg5 e6 4. e3 c6 5. c3 Nbd7 6. Bd3 Bd6 7. Nbd2 h6 8. Bh4
O-O 9. Qc2 Qc7 10. O-O b6 11. Rfe1 Bb7 12. e4 dxe4 13. Nxe4 Nxe4 14. Bxe4 Rac8
15. Rad1 c5 16. Bxb7 Qxb7 17. dxc5 Bxc5 18. b4 Bxb4 19. Qa4 Bxc3 20. Rxd7 Rc7
21. Rxc7 Qxc7 22. Rc1 Rc8 23. h3 Qb7 24. Qa3 Ba5 25. Rxc8+ Qxc8 26. Qe7 Qc1+
27. Kh2 Qf4+ 28. Bg3 Qa4 29. Ne5 Qxa2 30. Qxf7+ Kh7 31. Nd7 Bc3 32. Nf8+ Kh8
33. Ng6+ Kh7 34. Ne7 e5 35. Qxa2 1-0

[Event "4NCL Online Division 2"]
[Site "online"]
[Date "2020.10.20"]
[Round "5.124"]
[White "Lewis, Christopher D"]
[Black "Wilson, Edgar"]
[Result "0-1"]
[WhiteElo "1922"]
[BlackElo "1952"]
[PlyCount "68"]
[EventDate "2020.10.20"]
[WhiteTeam "Shropshire 2"]
[BlackTeam "Oxford 2"]

1. e4 e6 2. d4 d5 3. Nd2 Nf6 4. e5 Nfd7 5. Bd3 c5 6. c3 Nc6 7. Ne2 Qb6 8. Nf3
cxd4 9. cxd4 f6 10. exf6 Nxf6 11. O-O Bd6 12. b3 O-O 13. Bf4 Bxf4 14. Nxf4 Ne4
15. Ne2 Bd7 16. Bxe4 dxe4 17. Ng5 Ne7 18. Nxe4 Bc6 19. Nc5 Rf6 20. Rc1 Rd8 21.
Qd2 e5 22. Qc3 Nd5 23. Qh3 Nf4 24. Nxf4 exf4 25. f3 Rxd4 26. Ne4 Rxe4+ 27. Rf2
Re2 28. Rcf1 Rfe6 29. g3 Qe3 30. gxf4 Rxf2 31. Rxf2 h6 32. Qf5 Bxf3 33. Qh3
Rg6+ 34. Kf1 Qc1# 0-1

[Event "4NCL Online Division 2"]
[Site "online"]
[Date "2020.10.20"]
[Round "5.131"]
[White "Alizada, Eldar"]
[Black "Bansal, Rohan"]
[Result "1/2-1/2"]
[WhiteElo "2027"]
[BlackElo "2147"]
[PlyCount "44"]
[EventDate "2020.10.20"]
[WhiteTeam "Schach Attack"]
[BlackTeam "Kent KJCA Kestrels B"]

1. d4 d5 2. Nf3 Nf6 3. c4 e6 4. Nc3 Be7 5. Bf4 O-O 6. e3 Nbd7 7. Bd3 dxc4 8.
Bxc4 Nb6 9. Bd3 Nbd5 10. Bg3 c5 11. O-O cxd4 12. Nxd5 Qxd5 13. Nxd4 Ne4 14. Qc2
Nxg3 15. Bxh7+ Kh8 16. hxg3 g6 17. Bxg6 fxg6 18. Qxg6 Bd7 19. Qh6+ Kg8 20. Qg6+
Kh8 21. Qh6+ Kg8 22. Qg6+ Kh8 1/2-1/2

[Event "4NCL Online Division 2"]
[Site "online"]
[Date "2020.10.20"]
[Round "5.132"]
[White "Watson, Mikey J"]
[Black "Handley, Michael R"]
[Result "1/2-1/2"]
[WhiteElo "2155"]
[BlackElo "2080"]
[PlyCount "77"]
[EventDate "2020.10.20"]
[WhiteTeam "Kent KJCA Kestrels B"]
[BlackTeam "Schach Attack"]

1. Nf3 d5 2. d4 Nf6 3. g3 Bg4 4. Bg2 e6 5. Ne5 Bf5 6. O-O Nbd7 7. c4 c6 8. cxd5
exd5 9. Nc3 Be7 10. Qb3 Qb6 11. Qxb6 axb6 12. Bf4 b5 13. a3 Nb6 14. f3 h6 15.
e4 Bh7 16. Rfe1 O-O 17. Bh3 b4 18. axb4 Bxb4 19. exd5 Nfxd5 20. Bd2 Rfd8 21.
Rxa8 Rxa8 22. Nxd5 Nxd5 23. Bxb4 Nxb4 24. Bf1 Nc2 25. Rc1 f6 26. Bc4+ Kf8 27.
Nd7+ Ke7 28. Nb6 Ra1 29. Rxa1 Nxa1 30. d5 Nc2 31. dxc6 bxc6 32. Kf2 Kd6 33. Na4
Bf5 34. f4 c5 35. Nc3 Nd4 36. Ke3 Nc2+ 37. Kf2 Nd4 38. Ke3 Nc2+ 39. Kf2 1/2-1/2

[Event "4NCL Online Division 2"]
[Site "online"]
[Date "2020.10.20"]
[Round "5.133"]
[White "Simmons, Matthew"]
[Black "Jugand, Jean-Baptiste"]
[Result "1/2-1/2"]
[WhiteElo "2075"]
[BlackElo "2057"]
[PlyCount "56"]
[EventDate "2020.10.20"]
[WhiteTeam "Schach Attack"]
[BlackTeam "Kent KJCA Kestrels B"]

1. e4 Nc6 2. d4 d5 3. Nc3 e6 4. Nf3 Nf6 5. e5 Nd7 6. a3 Be7 7. Bd3 O-O 8. O-O
f5 9. exf6 Nxf6 10. Re1 a6 11. Ne5 Bd6 12. Bg5 h6 13. Nxc6 bxc6 14. Be3 e5 15.
dxe5 Bxe5 16. f4 Bd6 17. h3 Bd7 18. Na4 Qe7 19. b4 a5 20. Nc5 axb4 21. axb4
Rxa1 22. Qxa1 Bc8 23. Bg6 Ne4 24. Nxe4 dxe4 25. Qd4 Bxb4 26. c3 Bd6 27. Bxe4 c5
28. Bd5+ Be6 1/2-1/2

[Event "4NCL Online Division 2"]
[Site "online"]
[Date "2020.10.20"]
[Round "5.134"]
[White "Keenan, Brendan"]
[Black "Burrows, Nick"]
[Result "0-1"]
[WhiteElo "1952"]
[BlackElo "2042"]
[PlyCount "118"]
[EventDate "2020.10.20"]
[WhiteTeam "Kent KJCA Kestrels B"]
[BlackTeam "Schach Attack"]

1. d4 d5 2. Bf4 c5 3. e3 Nc6 4. Nf3 Nf6 5. dxc5 e6 6. Nbd2 Bxc5 7. c3 O-O 8.
Bd3 a6 9. a4 Re8 10. Ne5 Bd6 11. Nxc6 bxc6 12. Bxd6 Qxd6 13. O-O e5 14. e4 a5
15. Qe2 Bg4 16. f3 Bh5 17. Rfd1 Rab8 18. Nf1 dxe4 19. Bxe4 Qc5+ 20. Kh1 Nxe4
21. Qxe4 Rxb2 22. Qh4 Bg6 23. Rd8 Qf8 24. Rad1 Rb8 25. Rxb8 Rxb8 26. Qc4 Qc8
27. Ng3 Qc7 28. h4 h6 29. h5 Bc2 30. Re1 Rb1 31. Rxb1 Bxb1 32. Ne4 Bxe4 33.
Qxe4 Qd6 34. Qf5 Qf6 35. Qe4 Qe6 36. g4 g6 37. hxg6 fxg6 38. Kg2 Kf7 39. Kg3
Qd5 40. Qe3 Kg7 41. Qa7+ Kf6 42. Qh7 Qd6 43. Qh8+ Ke6 44. Qg8+ Kf6 45. Qh8+ Kg5
46. Kf2 Qd2+ 47. Kg3 Qe1+ 48. Kg2 Qxc3 49. Qd8+ Kf4 50. Qf6+ Ke3 51. Qxg6 Qd2+
52. Kh3 Kxf3 53. Qxc6+ e4 54. Qf6+ Qf4 55. Qc3+ e3 56. Qc6+ Kf2 57. Qg2+ Ke1
58. Qc2 Qf3+ 59. Kh4 Qf2+ 0-1

[Event "4NCL Online Division 2"]
[Site "online"]
[Date "2020.10.20"]
[Round "5.141"]
[White "Gajcin, Jasmina"]
[Black "John, Joshua"]
[Result "0-1"]
[WhiteElo "1911"]
[BlackElo "2027"]
[PlyCount "124"]
[EventDate "2020.10.20"]
[WhiteTeam "Gonzaga Cing is Believing"]
[BlackTeam "CSC 3"]

1. e4 c5 2. Nf3 e6 3. c3 d5 4. e5 Nc6 5. d4 h6 6. Bd3 Nge7 7. O-O Nf5 8. Bc2 g6
9. a3 Bg7 10. b4 cxd4 11. cxd4 a6 12. Nc3 b5 13. Bb2 Qb6 14. Ne2 O-O 15. Nf4
Rd8 16. Rc1 a5 17. Bxf5 exf5 18. Rc5 Be6 19. Qc2 Rac8 20. Nxe6 fxe6 21. bxa5
Qb7 22. Rc1 Na7 23. Qb3 Bf8 24. Rxc8 Nxc8 25. Nh4 Kf7 26. Bc3 Qe7 27. Nxg6 Kxg6
28. Qxb5 Qd7 29. a4 Na7 30. Qb3 Nc6 31. Rb1 Rb8 32. Qc2 Ra8 33. Rb5 Be7 34. Qb3
Qa7 35. Rb7 Rb8 36. Rxb8 Qxb8 37. Qb5 Qc7 38. Qb6 Bd8 39. Qb5 Nxa5 40. Qe8+ Kg7
41. Bd2 Nc4 42. Bf4 Qe7 43. Qh5 Qh4 44. Bxh6+ Kh7 45. Qxh4 Bxh4 46. Bf8 Bd8 47.
Bb4 Kg6 48. Kf1 Bb6 49. Bc5 Bxc5 50. dxc5 Nxe5 51. a5 Nc6 52. a6 Kf7 53. Ke2
Ke7 54. Kd2 e5 55. Kc2 d4 56. Kd2 e4 57. g3 Kf6 58. Ke2 Kg5 59. h3 f4 60. g4
f3+ 61. Kd2 Kf4 62. Ke1 e3 0-1

[Event "4NCL Online Division 2"]
[Site "online"]
[Date "2020.10.20"]
[Round "5.142"]
[White "Evans, Harry G"]
[Black "Cullen, Ben"]
[Result "0-1"]
[WhiteElo "1870"]
[BlackElo "1888"]
[PlyCount "106"]
[EventDate "2020.10.20"]
[WhiteTeam "CSC 3"]
[BlackTeam "Gonzaga Cing is Believing"]

1. d4 Nf6 2. e3 d5 3. Nd2 Bf5 4. Ngf3 e6 5. Ne5 Nbd7 6. Nxd7 Nxd7 7. Nf3 Bd6 8.
c4 c6 9. cxd5 exd5 10. Be2 Nf6 11. O-O Ne4 12. Bd2 Qf6 13. b4 a6 14. a4 O-O 15.
Qb3 Qh6 16. h3 Bxh3 17. gxh3 Qxh3 18. Qd3 Ng5 19. Ne5 f6 20. e4 Qxd3 21. Nxd3
dxe4 22. Nc5 Bxc5 23. dxc5 Nf7 24. Bc4 Rfd8 25. Bc3 Kf8 26. Bxf7 Kxf7 27. Rad1
g5 28. f3 Rd3 29. Rxd3 exd3 30. Rd1 Rd8 31. Kf2 h5 32. Ke3 f5 33. Rxd3 Rxd3+
34. Kxd3 Ke6 35. f4 h4 36. Be1 h3 37. Bg3 gxf4 38. Bxf4 Kd5 39. Bh2 a5 40. bxa5
Kxc5 41. Kc3 Kd5 42. Kd3 c5 43. Kc3 Ke4 44. Kc4 f4 45. Kxc5 f3 46. Bg3 f2 47.
Bxf2 h2 48. Kb6 h1=Q 49. Kxb7 Ke5+ 50. Ka7 Qh7+ 51. Ka6 Kd5 52. Bb6 Kc6 53. Bc7
Kxc7 0-1

[Event "4NCL Online Division 2"]
[Site "online"]
[Date "2020.10.20"]
[Round "5.143"]
[White "Veisseire, Arthur"]
[Black "Lees, Fraser A"]
[Result "0-1"]
[WhiteElo "1907"]
[BlackElo "1876"]
[PlyCount "104"]
[EventDate "2020.10.20"]
[WhiteTeam "Gonzaga Cing is Believing"]
[BlackTeam "CSC 3"]

1. e4 c5 2. Nf3 Nc6 3. d4 cxd4 4. Nxd4 Nf6 5. Nc3 e5 6. Nb3 Bb4 7. Bd2 Bxc3 8.
Bxc3 Nxe4 9. Qg4 d5 10. Qxg7 Qf6 11. Qxf6 Nxf6 12. Bb5 d4 13. Nxd4 exd4 14.
Bxd4 Ke7 15. Bc5+ Kd8 16. O-O-O+ Nd7 17. Rd2 Kc7 18. Be3 Re8 19. Re1 Nde5 20.
Bf4 f6 21. Rde2 Bd7 22. Bxc6 Kxc6 23. Bxe5 Rxe5 24. Rxe5 fxe5 25. Rxe5 Re8 26.
Rh5 Re7 27. Kd2 Be8 28. Rh4 Bg6 29. a3 Re4 30. Rh3 Kd5 31. b3 Rg4 32. Rf3 Rxg2
33. h4 Rh2 34. Rf4 Ke5 35. Ke3 Rh3+ 36. f3 Rh2 37. c3 Re2+ 38. Kxe2 Kxf4 39. c4
Bc2 40. b4 Bb3 41. c5 Bd5 42. a4 Bxf3+ 43. Kd3 Bd1 44. a5 Ba4 45. Kc4 a6 46.
Kd4 Kg4 47. h5 Kxh5 48. Ke3 Kg4 49. Kf2 h5 50. Kg2 Bc6+ 51. Kh2 h4 52. Kg1 Kg3
0-1

[Event "4NCL Online Division 2"]
[Site "online"]
[Date "2020.10.20"]
[Round "5.144"]
[White "Kumar, Soham"]
[Black "Moran, Darragh"]
[Result "1/2-1/2"]
[WhiteElo "1862"]
[BlackElo "1873"]
[PlyCount "64"]
[EventDate "2020.10.20"]
[WhiteTeam "CSC 3"]
[BlackTeam "Gonzaga Cing is Believing"]

1. e4 e6 2. d4 d5 3. Nc3 Nf6 4. e5 Nfd7 5. f4 c5 6. Nf3 Nc6 7. Be3 h6 8. Be2 g5
9. fxg5 cxd4 10. Bxd4 hxg5 11. Nxd5 g4 12. Ng5 Qxg5 13. Nc7+ Kd8 14. Nxa8 Nxd4
15. Qxd4 Bc5 16. Qxg4 Qxg4 17. Bxg4 Nxe5 18. O-O-O+ Bd7 19. Be2 Kc8 20. Bf3
Nxf3 21. gxf3 Bc6 22. Rd3 b6 23. Nxb6+ axb6 24. h4 Be7 25. h5 Bg5+ 26. Kd1 Kc7
27. Ke1 f5 28. Kf2 Be8 29. Rc3+ Kb7 30. Rd3 Kc7 31. Rc3+ Kb7 32. Rd3 Kc7
1/2-1/2

[Event "4NCL Online Division 2"]
[Site "online"]
[Date "2020.10.20"]
[Round "5.151"]
[White "Higgie, Charles L"]
[Black "Walkusz, Miroslaw"]
[Result "1-0"]
[WhiteElo "1922"]
[BlackElo "1939"]
[PlyCount "55"]
[EventDate "2020.10.20"]
[WhiteTeam "Malpas & Oswestry"]
[BlackTeam "Harrow 2"]

1. d4 d5 2. c4 c6 3. Nc3 e6 4. e4 dxe4 5. Nxe4 Bb4+ 6. Bd2 Qxd4 7. Bxb4 Qxe4+
8. Be2 Nd7 9. Nf3 c5 10. Bc3 Ngf6 11. Qd6 Qg6 12. Nd2 a5 13. Bf3 Ra6 14. Qc7
O-O 15. O-O a4 16. Rfe1 a3 17. Ne4 axb2 18. Bxb2 Nxe4 19. Bxe4 f5 20. Bxb7 Ra7
21. Qxc8 Rxc8 22. Bxc8 Nf8 23. Re5 f4 24. a4 f3 25. g3 Qc2 26. Ba3 Qc3 27. Ree1
Ra6 28. Bxa6 1-0

[Event "4NCL Online Division 2"]
[Site "online"]
[Date "2020.10.20"]
[Round "5.152"]
[White "Dhemrait, Jagdeep"]
[Black "Hughes, Richard"]
[Result "1/2-1/2"]
[WhiteElo "1810"]
[BlackElo "1900"]
[PlyCount "108"]
[EventDate "2020.10.20"]
[WhiteTeam "Harrow 2"]
[BlackTeam "Malpas & Oswestry"]

1. e4 c5 2. Nc3 e6 3. f4 d5 4. exd5 exd5 5. Bb5+ Nc6 6. Nf3 a6 7. Bxc6+ bxc6 8.
O-O Nf6 9. Re1+ Be7 10. Qe2 Ra7 11. Ne5 Qd6 12. d3 O-O 13. b3 Bd8 14. Bd2 Re7
15. Qf3 Rfe8 16. Rad1 Nd7 17. Nxd7 Bxd7 18. Rxe7 Rxe7 19. Re1 Rxe1+ 20. Bxe1
Qe6 21. Bf2 Qf6 22. Nd1 Qa1 23. Bxc5 Qxa2 24. Qe2 Qa1 25. Kf2 Qf6 26. g3 Qh6
27. Kg2 Qh3+ 28. Kg1 h5 29. Nf2 Qf5 30. Qe5 Bf6 31. Qxf5 Bxf5 32. Kg2 Bc3 33.
Kf3 Be1 34. Ke2 Bxf2 35. Kxf2 f6 36. Ke3 Kf7 37. Kd4 Ke6 38. Bf8 g5 39. fxg5
fxg5 40. Bh6 g4 41. Kc5 Kd7 42. Bf4 Be6 43. Kb6 Bf5 44. Kxa6 Be6 45. Kb6 Bf5
46. b4 Be6 47. Kc5 Bf5 48. Be5 Be6 49. c4 dxc4 50. dxc4 Bf7 51. b5 cxb5 52.
cxb5 Kc8 53. Kb6 Bd5 54. Kc5 Bf3 1/2-1/2

[Event "4NCL Online Division 2"]
[Site "online"]
[Date "2020.10.20"]
[Round "5.153"]
[White "Lovatt, Peter G"]
[Black "Dhemrait, Surjit S"]
[Result "1/2-1/2"]
[WhiteElo "1877"]
[BlackElo "1518"]
[Annotator "User"]
[PlyCount "101"]
[EventDate "2020.10.20"]
[WhiteTeam "Malpas & Oswestry"]
[BlackTeam "Harrow 2"]

1. Nf3 d5 2. d4 Nc6 3. g3 Bg4 4. Bg2 Nf6 5. O-O e6 6. c4 Be7 7. cxd5 Nxd5 8.
Nc3 Nxc3 9. bxc3 O-O 10. Rb1 b6 11. Qa4 Na5 12. e4 Rb8 13. Be3 Bxf3 14. Bxf3
Bg5 15. Bxg5 Qxg5 16. Bg2 Qd2 17. Rbc1 Rbc8 18. Rfd1 Qg5 19. h4 Qe7 20. Qb4 c5
21. Qa4 cxd4 22. cxd4 Rfd8 23. Bf1 g6 24. a3 Rc7 25. Rxc7 Qxc7 26. d5 exd5 27.
Rxd5 Rxd5 28. exd5 Qd6 29. Bg2 Kf8 30. Qd4 h5 31. a4 Kg8 32. g4 hxg4 33. Qxg4
Qe5 34. Qd7 Qe1+ 35. Bf1 Qe4 36. Qxa7 Qxd5 37. Qxb6 Kg7 38. Bg2 Qd1+ 39. Kh2
Qxa4 40. Qb2+ Kg8 41. Qf6 Qd7 42. h5 Qc7+ 43. Kg1 gxh5 44. Qg5+ Kf8 45. Qxh5
Qc1+ 46. Bf1 Qc7 47. Qh6+ Ke7 48. Qg5+ Kf8 49. Qh6+ Ke7 50. Qg5+ Kf8 51. Qh6+
1/2-1/2

[Event "4NCL Online Division 2"]
[Site "online"]
[Date "2020.10.20"]
[Round "5.154"]
[White "Pradeep, Verma"]
[Black "Penny, Liam"]
[Result "0-1"]
[WhiteElo "1401"]
[BlackElo "1765"]
[PlyCount "76"]
[EventDate "2020.10.20"]
[WhiteTeam "Harrow 2"]
[BlackTeam "Malpas & Oswestry"]

1. e4 d5 2. exd5 Nf6 3. d4 Bg4 4. Bb5+ Nbd7 5. f3 Bf5 6. g4 Bg6 7. c4 a6 8.
Bxd7+ Qxd7 9. Nc3 O-O-O 10. Nge2 e6 11. dxe6 Qxe6 12. d5 Qb6 13. Qb3 Qa5 14.
Bd2 Bb4 15. O-O-O Rhe8 16. Nf4 Nd7 17. Nxg6 hxg6 18. a3 Be7 19. Ne4 Nc5 20.
Nxc5 Qxc5 21. Be3 Qd6 22. c5 Qe5 23. f4 Qe4 24. Qd3 Bf8 25. Qxe4 Rxe4 26. Rd3
Rc4+ 27. Rc3 Rxc3+ 28. bxc3 Rxd5 29. Rd1 Rxd1+ 30. Kxd1 Kd7 31. Bd4 Kc6 32. a4
f6 33. g5 Bxc5 34. gxf6 Bxd4 35. cxd4 gxf6 36. h4 f5 37. Kd2 Kd5 38. Kd3 b6 0-1

[Event "4NCL Online Division 2"]
[Site "online"]
[Date "2020.10.20"]
[Round "5.161"]
[White "Butland, Nick J"]
[Black "Gilbert, Jonathan A."]
[Result "0-1"]
[WhiteElo "1952"]
[BlackElo "1978"]
[PlyCount "80"]
[EventDate "2020.10.20"]
[WhiteTeam "Plymouth 1"]
[BlackTeam "The Full Ponty"]

1. b4 e5 2. Bb2 d6 3. e3 f5 4. c4 Nf6 5. Nf3 g6 6. d3 Bg7 7. Be2 O-O 8. O-O Nc6
9. Qb3 h6 10. c5+ Kh7 11. Nbd2 Ne7 12. cxd6 cxd6 13. Rac1 g5 14. h3 Ng6 15. a4
f4 16. Ne4 Nxe4 17. dxe4 g4 18. hxg4 Bxg4 19. Qd1 fxe3 20. fxe3 Be6 21. b5 Qb6
22. Qd2 Nf4 23. Kh1 Nxe2 24. Qxe2 Rac8 25. Nh4 Rxc1 26. Rxc1 Qd8 27. Qh5 Qg5
28. Qxg5 hxg5 29. Nf3 Kg6 30. Kg1 Bh6 31. Rc7 g4 32. Nh4+ Kh5 33. g3 Bxe3+ 34.
Kh1 Rf1+ 35. Kh2 Rf2+ 36. Kh1 Rxb2 37. Rh7+ Kg5 38. Rg7+ Kf6 39. Rxb7 Bb3 40.
Rh7 Bc2 0-1